000
00310nam a2200121Ia 4500
008
231129s1936||||xx |||||||||||||| ||spa||
082
_a
OEM- 1711
100
_a
Greene Graham
245
0
_a
El billete de lotería
260
_c
1936
264
_a
Barcelona España Gráficas Guada 196?
942
_2
ddc
_c
BKS
999
_c
10368
_d
10368